000 00494nam a2200181Ia 4500
005 20250423095756.0
008 250422s9999 xx 000 0 und d
020 _a0706999045
050 _aJZ 1242 .C43/
100 _aChandra, Prakash
245 0 _aInternational relations : foreign policies of major powers and regional systems.
260 _aNew Delhi
260 _bVikas Publishing House PVT LTD
260 _c2008
300 _a305 p
650 _aPolitical Science
942 _cBK
999 _c31296
_d31296